Revista de la Facultad de Filosofía y Letras de la Universidad de Cuenca /
El contenido de este volumen es el siguiente: En homenaje a Salamanca, Las universidades en la Edad Media, Fray Luis de León y la universidad de Salamanca, Salamanca y Francisco de Vitoria, Segunda Partida de Alfonso el Sabio, De los indios del derecho de guerra de los españoles en los bárbaros, ¿es...
Kaydedildi:
| Materyal Türü: | Kitap |
|---|---|
| Dil: | İspanyolca |
| Konular: | |
| Etiketler: |
Etiket eklenmemiş, İlk siz ekleyin!
|
MARC
| LEADER | 00000nam^a2200000^a^4500 | ||
|---|---|---|---|
| 001 | 000135081 | ||
| 005 | 20250521000000.0 | ||
| 009 | 20260310095229.459 | ||
| 037 | |a Acervo ITESO - Biblioteca | ||
| 041 | |a ESP | ||
| 082 | |a 300. 5 |b FAC 1953 V. 1 T. 2 | ||
| 240 | 1 | 1 | |a [Revista de la Facultad de Filosofía y Letras de la Universidad de Cuenca] |
| 245 | 0 | 0 | |a Revista de la Facultad de Filosofía y Letras de la Universidad de Cuenca / |c Dir. de G. Cevallos García. |
| 264 | |a Cuenca, Ecuador : |b Universidad de Cuenca, |c 1953 | ||
| 300 | |a 168 p. | ||
| 336 | |a texto |b txt |2 rdacontenido | ||
| 337 | |a sin mediación |b n |2 rdamedio | ||
| 338 | |a volumen |b nc |2 rdasoporte | ||
| 520 | |a El contenido de este volumen es el siguiente: En homenaje a Salamanca, Las universidades en la Edad Media, Fray Luis de León y la universidad de Salamanca, Salamanca y Francisco de Vitoria, Segunda Partida de Alfonso el Sabio, De los indios del derecho de guerra de los españoles en los bárbaros, ¿es la metafísica la ciencia que más apetece el hombre con apetito natural?, Trozo de la vida de don Diego de Torres y A Salamanca. | ||
| 649 | |a XX | ||
| 650 | |a Ciencias Sociales - |x Publicaciones Periódicas Ecuatorianas | ||
| 650 | |a Metafísica | ||
| 650 | |a Matemáticas - |z España - |x Estudio y Enseñanza | ||
| 650 | |a Poesía Española | ||
| 650 | |a Educación Superior - |z Salamanca, España - |x Historia - |y Siglo XVI | ||
| 650 | |a Educación - |z España - |x Historia - |y Siglo XIII | ||
| 650 | |a Educación Superior - |x Historia | ||
| 650 | |a Edad Media - |x Historia | ||
| 650 | |a Derecho Indígena - |x Historia | ||
| 650 | |a Derecho Internacional - |x Historia | ||
| 650 | |a Derecho Positivo - |x Historia | ||
| 650 | |a Teólogos Españoles | ||
| 650 | |a Juristas Españoles | ||
| 650 | |a Escritores Españoles - |x Memorias | ||
| 650 | |a Profesores Españoles - |x Memorias | ||
| 650 | |a Torres de Villarroel, Diego | ||
| 910 | |a Fondo Salvador Reynoso Reynoso | ||
| 920 | |a Impresos - Libros | ||
| 930 | |a Fondos Especiales | ||
| 905 | |a 112 | ||
| 901 | |a 0800013764 |b IT2 |c ESP |u 20250521 | ||
| 902 | |a https://opac.biblio.iteso.mx/vufind/Record/000135081 | ||